[Event "EU-ch 4th"]
[Site "?"]
[Date "2003.05.31"]
[Round "2"]
[White "Van Wely Loek"]
[Black "Iordachescu Viorel"]
[Result "1/2-1/2"]
[WhiteElo "2675"]
[BlackElo "2550"]
[PlyCount "108"]
[EventDate "2003.??.??"]
[Source "www.chesslib.no"]
[SourceDate "2004.05.04"]

1. d4 Nf6 2. c4 e6 3. Nc3 Bb4 4. Qc2 O-O 5. a3 Bxc3+ 6. Qxc3 b5 7. cxb5 c6 8. a4 a6 9. bxa6 Ne4 10. Qc2 d5 11. e3 Nxa6 12. Bxa6 Bxa6 13. Ne2 c5 14. dxc5 Qa5+ 15. Bd2 Nxd2 16. Qxd2 Qxc5 17. O-O Rfb8 18. Rfb1 Qb4 19. Nc3 Bc4 20. Qd4 Qb3 21. h3 h6 22. a5 f6 23. Ra3 Qb4 24. Ra4 Qb3 25. Qc5 e5 26. Ra3 Qc2 27. b4 Rc8 28. Qb6 Kh8 29. b5 Rab8 30. Qd6 Rd8 31. Qc5 Rbc8 32. Qb4 d4 33. exd4 exd4 34. Nd1 Rd5 35. b6 Rb5 36. b7 Rb8 37. Qxb5 Bxb5 38. Rxb5 Qxd1+ 39. Kh2 Qc1 40. Rab3 Qc6 41. Rb6 Qc7+ 42. g3 d3 43. a6 d2 44. a7 d1=Q 45. a8=Q Qdd8 46. Qa6 Qc5 47. Rb2 Qcd4 48. R6b4 Qe5 49. Rc2 Qee7 50. Rbb2 Qed7 51. Qa7 Kh7 52. Rd2 Qxd2 53. Rxd2 Qxd2 54. Qxb8 Qxf2+ 1/2-1/2

[Event "MK Cafe Cup-A"]
[Site "Koszalin"]
[Date "1999.08.12"]
[Round "9"]
[White "Kruppa, Yuri"]
[Black "Ibragimov, Ildar"]
[Result "1/2-1/2"]
[WhiteElo "2603"]
[BlackElo "2554"]
[PlyCount "56"]
[EventDate "1999.08.03"]
[Source "ChessBase"]
[SourceDate "1999.12.01"]

1. d4 Nf6 2. c4 e6 3. Nc3 Bb4 4. Qc2 O-O 5. a3 Bxc3+ 6. Qxc3 b5 7. cxb5 c6 8. f3 Nd5 9. Qd3 cxb5 10. e4 Ne7 11. Nh3 Nbc6 12. Be3 d5 13. Rd1 e5 14. Nf2 exd4 15. Bxd4 Nxd4 16. Qxd4 Be6 17. Be2 Qa5+ 18. Qd2 Qb6 19. Qd4 Qa5+ 20. Qd2 Qc7 21. O-O dxe4 22. Nxe4 Nf5 23. Kh1 Qb6 24. Qf4 Rfd8 25. Rxd8+ Rxd8 26. Rd1 Nd4 27. Bf1 h6 28. Qe3 b4 1/2-1/2

[Event "Reykjavik"]
[Site "?"]
[Date "1990.??.??"]
[Round "?"]
[White "Polugaevsky, L."]
[Black "Dzindzichashvili, R."]
[Result "1/2-1/2"]
[WhiteElo "2610"]
[BlackElo "2545"]
[PlyCount "52"]
[EventDate "1990.??.??"]
[Source "ChessBase"]
[SourceDate "1990.01.01"]

1. d4 Nf6 2. c4 e6 3. Nc3 Bb4 4. Qc2 O-O 5. a3 Bxc3+ 6. Qxc3 b5 7. cxb5 c6 8. bxc6 Nxc6 9. b4 Ba6 10. Bg5 h6 11. Bxf6 Qxf6 12. Nf3 Rac8 13. Qb2 Rc7 14. e3 Bxf1 15. Kxf1 Rfc8 16. Ke2 Na5 17. Rhc1 Nc4 18. Qc3 e5 19. Qd3 d6 20. Nd2 Nxd2 21. Qxd2 Rxc1 22. Rxc1 Rxc1 23. Qxc1 exd4 24. exd4 Qxd4 25. Qc8+ Kh7 26. Qf5+ Kg8 1/2-1/2

[Event "ADCF Masters, Abu Dhabi UAE"]
[Site "?"]
[Date "2001.??.??"]
[Round "7"]
[White "Vladimirov, E."]
[Black "Dizdar, G."]
[Result "1/2-1/2"]
[WhiteElo "2610"]
[BlackElo "2535"]
[PlyCount "39"]
[EventDate "2001.??.??"]
[Source "www.chesslib.no"]
[SourceDate "2004.05.04"]

1. d4 Nf6 2. c4 e6 3. Nc3 Bb4 4. Qc2 O-O 5. a3 Bxc3+ 6. Qxc3 b5 7. cxb5 c6 8. e3 cxb5 9. Bxb5 Ne4 10. Qb3 Ba6 11. Qa4 Qg5 12. Bf1 Bxf1 13. Kxf1 Nc6 14. f3 Nd6 15. Ne2 Rab8 16. e4 Qe7 17. h4 f5 18. Bg5 Qf7 19. e5 Nc8 20. Qc2 1/2-1/2

[Event "Moscow Aeroflot op"]
[Site "Moscow"]
[Date "2002.02.05"]
[Round "1"]
[White "Shipov, Sergei"]
[Black "Rashkovsky, Nukhim N"]
[Result "1/2-1/2"]
[WhiteElo "2630"]
[BlackElo "2505"]
[PlyCount "73"]
[EventDate "2002.02.04"]
[Source "ChessBase"]
[SourceDate "2002.03.21"]

1. d4 Nf6 2. c4 e6 3. Nc3 Bb4 4. Qc2 O-O 5. a3 Bxc3+ 6. Qxc3 b5 7. cxb5 c6 8. e3 cxb5 9. Bxb5 Ne4 10. Qd3 Nd6 11. Ne2 Bb7 12. Nc3 Qg5 13. Rg1 Rc8 14. Ba4 Qh4 15. h3 a5 16. Qe2 Nc6 17. Qg4 Qe7 18. f3 Ne8 19. Kf2 Nf6 20. Qg3 Nh5 21. Qh2 d6 22. Rd1 Rab8 23. Kg1 Ba6 24. g4 Nf6 25. e4 e5 26. Bxc6 Rxc6 27. Be3 Bc4 28. Rd2 Bb3 29. Re1 Rbc8 30. Qf2 Qb7 31. Kh2 a4 32. dxe5 dxe5 33. Bc5 h6 34. Be3 Nh7 35. h4 Nf8 36. Qg3 Qe7 37. Rg1 1/2-1/2

[Event "TCh-BEL 2004-5"]
[Site "?"]
[Date "2005.03.20"]
[Round "11"]
[White "Lazarev Vladimir"]
[Black "Iordachescu Viorel"]
[Result "1/2-1/2"]
[WhiteElo "2506"]
[BlackElo "2615"]
[PlyCount "91"]
[EventDate "2005.??.??"]
[Source "www.chesslib.no"]
[SourceDate "2004.05.04"]

1. d4 Nf6 2. c4 e6 3. Nc3 Bb4 4. Qc2 O-O 5. a3 Bxc3+ 6. Qxc3 b5 7. cxb5 c6 8. f3 Nd5 9. Qd3 cxb5 10. e4 Ne7 11. Nh3 Nbc6 12. Be3 a5 13. Be2 b4 14. Qd2 d5 15. Nf2 Ba6 16. Bxa6 Rxa6 17. Nd3 bxa3 18. Rxa3 Rb6 19. Nc5 Rb4 20. Ra4 Rxa4 21. Nxa4 dxe4 22. fxe4 f5 23. Nc5 Qd6 24. O-O fxe4 25. Rxf8+ Kxf8 26. Nxe4 Qd5 27. Nc3 Qc4 28. Qe2 Qxe2 29. Nxe2 Nf5 30. Bd2 Ke7 31. Kf2 Kd6 32. g4 Nfe7 33. Ke3 Nd5+ 34. Kd3 e5 35. h3 a4 36. Kc4 exd4 37. Nxd4 Ne5+ 38. Kb5 Nd3 39. Kxa4 Nxb2+ 40. Kb3 Nd3 41. Nf5+ Ke5 42. Nxg7 Nf2 43. Kc4 Nxh3 44. g5 Ndf4 45. Bc3+ Ke4 46. Ne8 1/2-1/2

[Event "Rector Cup 4th"]
[Site "Kharkov"]
[Date "2002.03.29"]
[Round "10"]
[White "Gershon, Alik"]
[Black "Moiseenko, Alexander"]
[Result "1/2-1/2"]
[WhiteElo "2558"]
[BlackElo "2559"]
[PlyCount "26"]
[EventDate "2002.03.22"]
[Source "ChessBase"]
[SourceDate "2002.08.12"]

1. d4 Nf6 2. c4 e6 3. Nc3 Bb4 4. Qc2 O-O 5. a3 Bxc3+ 6. Qxc3 b5 7. cxb5 c6 8. Bg5 cxb5 9. e3 Bb7 10. Nf3 h6 11. Bh4 g5 12. Bg3 Ne4 13. Qd3 a6 1/2-1/2

[Event "Lindsborg Open"]
[Site "Kansas"]
[Date "2003.12.23"]
[Round "9"]
[White "Baburin, Alexander"]
[Black "Atalik, Suat"]
[Result "1-0"]
[WhiteElo "2541"]
[BlackElo "2570"]
[PlyCount "89"]
[EventDate "2003.12.19"]
[Source "Roberto Alvarez"]
[SourceDate "2003.12.31"]

1. d4 Nf6 2. c4 e6 3. Nc3 Bb4 4. Qc2 O-O 5. a3 Bxc3+ 6. Qxc3 b5 7. cxb5 c6 8. bxc6 Nxc6 9. e3 a5 10. b3 Bb7 11. Nf3 Ne4 12. Qb2 f5 13. d5 exd5 14. Be2 Ba6 15. O-O Qb8 16. Bxa6 Rxa6 17. Rb1 Rb6 18. Nd4 Nc5 19. Rd1 Nxb3 20. Nxb3 a4 21. Rd3 Ne5 22. Rc3 Ng4 23. g3 Rxb3 24. Rxb3 Qxb3 25. Qxb3 axb3 26. Rxb3 Rc8 27. Bb2 Rc2 28. a4 Nxf2 29. a5 Nd1 30. Bd4 Ra2 31. Rb1 Nxe3 32. Bxe3 Rxa5 33. Rb7 d4 34. Bxd4 Rd5 35. Be3 Kf7 36. Kf2 h6 37. h4 Kf6 38. Rb6+ d6 39. Bf4 g5 40. Bxd6 f4 41. Bxf4+ Kf5 42. hxg5 hxg5 43. Be3 Kg4 44. Rb4+ Kh3 45. Bxg5 1-0

[Event "CRO-chT"]
[Site "?"]
[Date "2000.09.13"]
[Round "3"]
[White "Shariyazdanov Andrey"]
[Black "Dizdar Goran"]
[Result "1/2-1/2"]
[WhiteElo "2582"]
[BlackElo "2526"]
[PlyCount "41"]
[EventDate "2000.??.??"]
[Source "www.chesslib.no"]
[SourceDate "2004.05.04"]

1. d4 Nf6 2. c4 e6 3. Nc3 Bb4 4. Qc2 O-O 5. a3 Bxc3+ 6. Qxc3 b5 7. cxb5 c6 8. Nf3 cxb5 9. Bg5 h6 10. Bh4 Bb7 11. e3 a6 12. Bd3 Nc6 13. Qd2 g5 14. Bg3 Na5 15. Rd1 Nc4 16. Qe2 Qa5+ 17. Kf1 Ne4 18. h4 Nxg3+ 19. fxg3 g4 20. Nd2 Nxb2 21. Qxg4+ 1/2-1/2

[Event "Yongchuan zt 3.3"]
[Site "Yongchuan"]
[Date "2003.07.17"]
[Round "6"]
[White "Xu Jun"]
[Black "Wang Rui"]
[Result "1-0"]
[WhiteElo "2626"]
[BlackElo "2481"]
[PlyCount "77"]
[EventDate "2003.07.11"]
[Source "ChessBase"]
[SourceDate "2003.11.11"]

1. d4 Nf6 2. c4 e6 3. Nc3 Bb4 4. Qc2 O-O 5. a3 Bxc3+ 6. Qxc3 b5 7. cxb5 c6 8. Bg5 cxb5 9. e3 Bb7 10. Nf3 a6 11. Bd3 h6 12. Bh4 d6 13. O-O Nbd7 14. Rfc1 Rc8 15. Qb4 Qb6 16. Bg3 Be4 17. Be2 Bxf3 18. gxf3 e5 19. dxe5 dxe5 20. a4 Rxc1+ 21. Rxc1 Rb8 22. axb5 axb5 23. Ra1 Qc7 24. Rd1 Qc2 25. Kf1 Qa4 26. Qd6 Re8 27. Qc6 Nf8 28. Rc1 Ng6 29. Qxb5 Qa8 30. b4 h5 31. h4 e4 32. Qc6 Qd8 33. b5 exf3 34. Bxf3 Qd3+ 35. Be2 Qf5 36. b6 Nxh4 37. b7 Qh3+ 38. Kg1 Kh7 39. Qh1 1-0

[Event "It (Men) Pulvermuehle GER"]
[Site "?"]
[Date "2006.03.02"]
[Round "6"]
[White "Gustafsson Jan"]
[Black "Markos Jan"]
[Result "1/2-1/2"]
[WhiteElo "2614"]
[BlackElo "2493"]
[PlyCount "121"]
[EventDate "2006.??.??"]
[Source "www.chesslib.no"]
[SourceDate "2004.05.04"]

1. d4 Nf6 2. c4 e6 3. Nc3 Bb4 4. Qc2 O-O 5. a3 Bxc3+ 6. Qxc3 b5 7. cxb5 c6 8. Bg5 cxb5 9. e3 Bb7 10. Nf3 h6 11. Bh4 g5 12. Bg3 Ne4 13. Qc2 Na6 14. Nd2 Rc8 15. Qd1 f5 16. Nxe4 Bxe4 17. f3 Rc2 18. Be2 Rxb2 19. O-O Bd5 20. Bd6 Re8 21. Rb1 Rxb1 22. Qxb1 Qb6 23. Bg3 Bc4 24. Bxc4 bxc4 25. Qxb6 axb6 26. Rb1 c3 27. Rc1 Rc8 28. Rc2 Rc4 29. Be1 Nc7 30. Rxc3 Rxc3 31. Bxc3 Nd5 32. Bd2 b5 33. Kf2 Kf7 34. Ke2 Kg6 35. Kd3 h5 36. e4 fxe4+ 37. fxe4 Nf6 38. d5 exd5 39. exd5 Nxd5 40. Kd4 Nf6 41. Bb4 Kf5 42. Kc5 d5 43. Kxb5 d4 44. a4 Nd5 45. Be1 Ke4 46. Kc6 Ne7+ 47. Kb7 Kd5 48. a5 Nc6 49. a6 g4 50. g3 d3 51. Kb6 Ne7 52. Bd2 Nc8+ 53. Kc7 Na7 54. Kb7 Nb5 55. Bf4 Kc4 56. Kb6 Nd6 57. Kc6 Nc8 58. Kb7 Nd6+ 59. Kc6 Nb5 60. Kb6 Nd6 61. Kc6 1/2-1/2

[Event "EUCup 17th"]
[Site "Panormo"]
[Date "2001.09.26"]
[Round "4"]
[White "Kruppa, Yuri"]
[Black "Stanec, Nikolaus"]
[Result "1/2-1/2"]
[WhiteElo "2552"]
[BlackElo "2530"]
[PlyCount "59"]
[EventDate "2001.09.22"]
[Source "ChessBase"]
[SourceDate "2001.10.26"]

1. d4 Nf6 2. c4 e6 3. Nc3 Bb4 4. Qc2 O-O 5. a3 Bxc3+ 6. Qxc3 b5 7. cxb5 c6 8. Bg5 cxb5 9. e3 Bb7 10. Nf3 a6 11. Bd3 h6 12. Bh4 d6 13. O-O Nbd7 14. Rfd1 Qb6 15. Qe1 Be4 16. Bf1 Rfc8 17. Nd2 Bg6 18. Rdc1 e5 19. Nb3 Bc2 20. dxe5 dxe5 21. Na5 Bg6 22. b4 e4 23. Rxc8+ Rxc8 24. Rc1 Rxc1 25. Qxc1 Ne5 26. Nb3 Kh7 27. Qc5 Nfd7 28. Qxb6 Nxb6 29. Nc5 Nbc4 30. Nxa6 1/2-1/2

[Event "Hastings"]
[Site "Hastings"]
[Date "2002.01.05"]
[Round "8"]
[White "Kiriakov, Petr"]
[Black "Wells, Peter K"]
[Result "1/2-1/2"]
[WhiteElo "2547"]
[BlackElo "2517"]
[PlyCount "88"]
[EventDate "2001.12.29"]
[Source "ChessBase"]
[SourceDate "2002.03.21"]

1. d4 Nf6 2. c4 e6 3. Nc3 Bb4 4. Qc2 O-O 5. a3 Bxc3+ 6. Qxc3 b5 7. cxb5 c6 8. f3 Nd5 9. Qd3 f5 10. e4 Nc7 11. Nh3 Nxb5 12. Be3 Ba6 13. Qc2 fxe4 14. fxe4 Qh4+ 15. Nf2 d5 16. Rd1 Nd6 17. Bxa6 Nxa6 18. Qxc6 Nc4 19. Qxe6+ Kh8 20. g3 Qh5 21. Bf4 Rae8 22. Qxa6 g5 23. Be5+ Rxe5 24. dxe5 Qf3 25. Rd2 Nxd2 26. Qe2 dxe4 27. Qxf3 Nxf3+ 28. Ke2 Nd4+ 29. Ke3 Nc2+ 30. Kxe4 Rxf2 31. Kd3 Kg7 32. Rc1 Rxh2 33. Rxc2 Rxc2 34. Kxc2 h5 35. Kd3 Kf7 36. Ke4 Ke6 37. b4 h4 38. gxh4 gxh4 39. a4 h3 40. Kf3 Kxe5 41. b5 Kd5 42. a5 Kc5 43. b6 axb6 44. axb6 h2 1/2-1/2

[Event "Haarlem AKN op"]
[Site "Haarlem"]
[Date "1998.??.??"]
[Round "4"]
[White "Horvath, Csaba"]
[Black "Winants, Luc"]
[Result "1/2-1/2"]
[WhiteElo "2535"]
[BlackElo "2515"]
[PlyCount "65"]
[EventDate "1998.07.01"]
[Source "www.chesslib.no"]
[SourceDate "2004.05.04"]

1. d4 Nf6 2. c4 e6 3. Nc3 Bb4 4. Qc2 O-O 5. a3 Bxc3+ 6. Qxc3 b5 7. cxb5 c6 8. Bg5 cxb5 9. e3 h6 10. Bh4 Bb7 11. Rc1 a6 12. Bxf6 Qxf6 13. Qc7 Bd5 14. Ne2 Bc4 15. Ng3 Bxf1 16. Nxf1 Qd8 17. Nd2 Nc6 18. Qxd8 Rfxd8 19. Ke2 Kf8 20. Rc2 Ke7 21. Rhc1 Rdb8 22. Nb3 Ra7 23. Rc5 Kd6 24. g4 g6 25. Nd2 Ke7 26. d5 exd5 27. Rxd5 Nd8 28. h4 Ne6 29. h5 Rc7 30. Rxc7 Nxc7 31. Re5+ Ne6 32. hxg6 fxg6 33. Ne4 1/2-1/2

[Event "17th Open, Geneva SUI"]
[Site "?"]
[Date "2001.??.??"]
[Round "3"]
[White "Arlandi, E."]
[Black "Tukmakov, V."]
[Result "1/2-1/2"]
[WhiteElo "2430"]
[BlackElo "2595"]
[PlyCount "110"]
[EventDate "2001.??.??"]
[Source "www.chesslib.no"]
[SourceDate "2004.05.04"]

1. d4 Nf6 2. c4 e6 3. Nc3 Bb4 4. Qc2 O-O 5. a3 Bxc3+ 6. Qxc3 b5 7. cxb5 c6 8. Bg5 cxb5 9. e3 Bb7 10. Nf3 a6 11. Bd3 h6 12. Bh4 d6 13. O-O Nbd7 14. Qb4 Qb6 15. Bg3 Be4 16. Be2 Rfc8 17. Rfc1 d5 18. Rc3 Bxf3 19. gxf3 Rc6 20. Rac1 Rac8 21. Bd3 Rxc3 22. Rxc3 Rxc3 23. Qxc3 Qb7 24. b3 Nb6 25. Qc7 Qxc7 26. Bxc7 Nfd7 27. Kf1 Kf8 28. Ke2 Ke7 29. Kd2 Na8 30. Bg3 f6 31. Kc3 e5 32. Bf5 Nc7 33. Kb4 Ne6 34. Bxe6 Kxe6 35. Ka5 Kd6 36. Kxa6 Kc6 37. Ka5 exd4 38. exd4 Nf8 39. Kb4 Ne6 40. Kc3 h5 41. Kd3 Kb6 42. Bd6 Kc6 43. Bc5 Nf4+ 44. Ke3 Ne6 45. Bb4 Kc7 46. Bd2 Kb6 47. Kd3 Ka6 48. Ke3 Kb6 49. Bc3 Ka6 50. f4 f5 51. Bb4 Kb6 52. Bd6 g6 53. Kd3 Kc6 54. Be5 Kb6 55. Kc3 Nd8 1/2-1/2

[Event "MK Cafe Cup-B"]
[Site "Koszalin"]
[Date "1999.08.11"]
[Round "8"]
[White "Guliev, Sarhan"]
[Black "Yevseev, Denis"]
[Result "1/2-1/2"]
[WhiteElo "2477"]
[BlackElo "2539"]
[PlyCount "42"]
[EventDate "1999.08.03"]
[Source "www.chesslib.no"]
[SourceDate "2004.05.04"]

1. d4 Nf6 2. c4 e6 3. Nc3 Bb4 4. Qc2 O-O 5. a3 Bxc3+ 6. Qxc3 b5 7. cxb5 c6 8. a4 a6 9. b6 a5 10. Qb3 Na6 11. Bf4 Nb4 12. Bc7 Qe7 13. Nf3 Nfd5 14. Bg3 f5 15. e3 Nxb6 16. Be2 N6d5 17. O-O Ba6 18. Bh4 Qe8 19. Bxa6 Rxa6 20. Ne5 Qh5 21. Bg3 Ra7 1/2-1/2

[Event "JUG-ch"]
[Site "Novi Sad"]
[Date "1995.??.??"]
[Round "?"]
[White "Drasko, Milan"]
[Black "Barlov, Dragan"]
[Result "1/2-1/2"]
[WhiteElo "2510"]
[BlackElo "2485"]
[PlyCount "46"]
[EventDate "1995.02.??"]
[Source "ChessBase"]

1. d4 Nf6 2. c4 e6 3. Nc3 Bb4 4. Qc2 O-O 5. a3 Bxc3+ 6. Qxc3 b5 7. cxb5 c6 8. Bg5 cxb5 9. e3 Bb7 10. f3 a6 11. Bd3 Nc6 12. Ne2 Rc8 13. O-O Ne4 14. Bxd8 Nxc3 15. bxc3 Rfxd8 16. Rfb1 Ne7 17. a4 Nd5 18. axb5 axb5 19. Be4 f5 20. Bxd5 Bxd5 21. Rxb5 Bc4 22. Rb2 Bxe2 23. Rxe2 Rxc3 1/2-1/2

[Event "Quezon City Equitable Card"]
[Site "Quezon City"]
[Date "2000.07.06"]
[Round "7"]
[White "Dao Thien Hai"]
[Black "Bitoon, Richard"]
[Result "1-0"]
[WhiteElo "2550"]
[BlackElo "2436"]
[PlyCount "83"]
[EventDate "2000.06.30"]
[Source "www.chesslib.no"]
[SourceDate "2004.05.04"]

1. d4 Nf6 2. c4 e6 3. Nc3 Bb4 4. Qc2 O-O 5. a3 Bxc3+ 6. Qxc3 b5 7. cxb5 c6 8. f3 Nd5 9. Qd2 f5 10. e3 cxb5 11. Bxb5 Qb6 12. Bd3 Nc6 13. Ne2 Na5 14. Rb1 Ba6 15. Bxa6 Qxa6 16. b4 Rab8 17. O-O Qb5 18. Qd1 Nc4 19. Rb3 Nd6 20. Nc3 Qc6 21. Bd2 Rfc8 22. e4 Nxc3 23. Rxc3 Qb6 24. Rc5 fxe4 25. Bf4 exf3 26. Qxf3 Rf8 27. Qd3 Rbe8 28. g4 Nb7 29. Rh5 g6 30. Rb5 Qa6 31. Bh6 Nd6 32. Bxf8 Qxb5 33. Qf3 Qxf1+ 34. Qxf1 Rxf8 35. Qa6 Nc8 36. Qb7 d6 37. Qd7 e5 38. dxe5 dxe5 39. Qe6+ Kg7 40. Qxe5+ Kg8 41. a4 h6 42. h4 1-0

[Event "Toulouse"]
[Site "Toulouse"]
[Date "1996.??.??"]
[Round "3"]
[White "Touzane, Olivier"]
[Black "Marciano, David"]
[Result "1/2-1/2"]
[WhiteElo "2495"]
[BlackElo "2480"]
[PlyCount "22"]
[EventDate "1996.10.??"]
[Source "ChessBase"]

1. d4 Nf6 2. c4 e6 3. Nc3 Bb4 4. Qc2 O-O 5. a3 Bxc3+ 6. Qxc3 b5 7. cxb5 c6 8. Bg5 cxb5 9. e3 Bb7 10. Nf3 h6 11. Bxf6 Qxf6 1/2-1/2

[Event "SWE-ch"]
[Site "Orebro"]
[Date "2000.07.09"]
[Round "7"]
[White "Akesson, Ralf"]
[Black "Brynell, Stellan"]
[Result "1/2-1/2"]
[WhiteElo "2486"]
[BlackElo "2484"]
[PlyCount "73"]
[EventDate "2000.07.02"]
[Source "ChessBase"]
[SourceDate "2000.09.14"]

1. d4 Nf6 2. c4 e6 3. Nc3 Bb4 4. Qc2 O-O 5. a3 Bxc3+ 6. Qxc3 b5 7. cxb5 c6 8. Bg5 cxb5 9. e3 Bb7 10. Nf3 h6 11. Bxf6 Qxf6 12. Rc1 Na6 13. Be2 Rfc8 14. Qd2 Rxc1+ 15. Qxc1 Rc8 16. Qd1 Qg6 17. O-O Nc7 18. Qb3 a6 19. a4 Bc6 20. axb5 Nxb5 21. Rc1 Rb8 22. Bd3 f5 23. Qd1 Nd6 24. Bxa6 Rxb2 25. Bf1 Bxf3 26. Qxf3 Ne4 27. Be2 Ng5 28. Qa8+ Kh7 29. Kf1 Ne4 30. Qa6 Qg5 31. g3 Qe7 32. Qa5 Nd2+ 33. Kg1 Nb3 34. Qc3 Nxc1 35. Qxb2 Nxe2+ 36. Qxe2 Qb4 37. h4 1/2-1/2

[Event "Parla"]
[Site "?"]
[Date "2003.??.??"]
[Round "?"]
[White "Herraiz Hidalgo, H."]
[Black "Gonzalez, Y."]
[Result "1/2-1/2"]
[WhiteElo "2494"]
[BlackElo "2469"]
[PlyCount "80"]
[EventDate "2003.??.??"]
[Source "Chess Informant"]
[SourceDate "2003.10.01"]

1. d4 Nf6 2. c4 e6 3. Nc3 Bb4 4. Qc2 O-O 5. a3 Bxc3+ 6. Qxc3 b5 7. cxb5 c6 8. Bg5 cxb5 9. e3 Bb7 10. Nf3 h6 11. Bh4 a6 12. Nd2 Nc6 13. Be2 Rc8 14. Qd3 Na5 15. b3 Qc7 16. O-O Qc6 17. f3 Nd5 18. Bf2 Qc2 19. b4 Rc3 20. Qxc2 Rxc2 21. Rad1 Nc4 22. Bxc4 bxc4 23. Ne4 Nc3 24. Nxc3 Rxc3 25. Rc1 Rxa3 26. Rxc4 Rb3 27. Rfc1 Bd5 28. Rc7 Bc6 29. e4 Rd3 30. Ra7 Rb8 31. Rxa6 Rxb4 32. Ra2 g5 33. h3 Kh7 34. Rac2 Kg6 35. Rc3 Rxc3 36. Rxc3 Rb1+ 37. Kh2 Rb2 38. Kg1 h5 39. Rc5 Rb1+ 40. Kh2 Rb5 1/2-1/2

[Event "It (Open) Dubai UAE"]
[Site "?"]
[Date "2006.04.24"]
[Round "2"]
[White "Ghane Gardeh Shojaat"]
[Black "Miroshnichenko Evgenij"]
[Result "0-1"]
[WhiteElo "2352"]
[BlackElo "2608"]
[PlyCount "46"]
[EventDate "2006.??.??"]
[Source "www.chesslib.no"]
[SourceDate "2004.05.04"]

1. d4 Nf6 2. c4 e6 3. Nc3 Bb4 4. Qc2 O-O 5. a3 Bxc3+ 6. Qxc3 b5 7. cxb5 c6 8. bxc6 Nxc6 9. Nf3 Ba6 10. e3 Ne4 11. Qc2 Bxf1 12. Kxf1 f5 13. h4 Qa5 14. Ng5 Nb4 15. Qe2 Nd5 16. Nxe4 fxe4 17. Bd2 Qb6 18. b4 Rac8 19. Rh3 Rc2 20. Rg3 Nc3 21. Qc4 d5 22. Qxc3 Rxc3 23. Bxc3 Qc7 0-1

[Event "Commonwealth-ch"]
[Site "Sangli"]
[Date "2000.??.??"]
[Round "7"]
[White "Deshmukh, Anup"]
[Black "Ibragimov, Ildar"]
[Result "0-1"]
[WhiteElo "2335"]
[BlackElo "2611"]
[PlyCount "86"]
[EventDate "2000.??.??"]
[Source "www.chesslib.no"]
[SourceDate "2004.05.04"]

1. d4 Nf6 2. c4 e6 3. Nc3 Bb4 4. Qc2 O-O 5. a3 Bxc3+ 6. Qxc3 b5 7. cxb5 c6 8. e3 cxb5 9. f3 Nd5 10. Qd2 Bb7 11. Nh3 f5 12. Bd3 Nc6 13. O-O Qb6 14. Qf2 Na5 15. e4 fxe4 16. Bxe4 Nf6 17. Bxb7 Qxb7 18. Bf4 Qb6 19. Rad1 Rac8 20. Rfe1 Rc4 21. Rd3 b4 22. d5 Qxf2+ 23. Kxf2 exd5 24. Kg1 bxa3 25. bxa3 d4 26. Rc1 Rfc8 27. Rxc4 Rxc4 28. Be5 Nc6 29. Bxf6 gxf6 30. Nf4 Kf7 31. Kf1 Ke7 32. Ke2 Kd6 33. Rb3 Rc2+ 34. Kd3 Ra2 35. Ke4 Kc5 36. Kf5 Kc4 37. Rb1 d3 38. Kxf6 d2 39. h4 Kc3 40. Rg1 Kc2 41. h5 Rxa3 42. h6 Re3 43. Ra1 d1=Q 0-1

[Event "300 Years"]
[Site "St Petersburg"]
[Date "2003.10.26"]
[Round "9"]
[White "Sergienko, Sergey"]
[Black "Ovetchkin, Roman"]
[Result "0-1"]
[WhiteElo "2435"]
[BlackElo "2507"]
[PlyCount "82"]
[EventDate "2003.10.18"]
[Source "Roberto Alvarez"]
[SourceDate "2003.10.27"]

1. d4 Nf6 2. c4 e6 3. Nc3 Bb4 4. Qc2 O-O 5. a3 Bxc3+ 6. Qxc3 b5 7. cxb5 c6 8. g3 Nd5 9. Qd3 cxb5 10. Bg2 Bb7 11. Qxb5 Ba6 12. Qa4 Qb6 13. Nf3 Nc6 14. Qd1 Qb5 15. a4 Qb4+ 16. Bd2 Qxb2 17. Rb1 Qa3 18. Ra1 Qd6 19. O-O f5 20. Re1 Rab8 21. Bc1 Qc7 22. Ba3 Rfc8 23. Rc1 Qa5 24. Rc5 Qb6 25. Qa1 d6 26. Rxd5 exd5 27. Bxd6 Rb7 28. Bc5 Qd8 29. Qc1 Qd7 30. Qg5 Re8 31. e3 Bd3 32. Bh3 Qf7 33. Qf4 h6 34. Nd2 Rb2 35. Qd6 Re6 36. Qxd5 Rxd2 37. Qb3 Be4 38. Bf1 Kh7 39. Bc4 Qh5 40. Bxe6 Qf3 41. Bg8+ Kh8 0-1

[Event "BL2-Sued 0001"]
[Site "Germany"]
[Date "2001.04.01"]
[Round "8.1"]
[White "Gabriel, Christian"]
[Black "Gschnitzer, Oswald"]
[Result "1-0"]
[WhiteElo "2528"]
[BlackElo "2412"]
[PlyCount "57"]
[EventDate "2000.10.15"]
[Source "ChessBase"]
[SourceDate "2001.07.03"]

1. d4 Nf6 2. c4 e6 3. Nc3 Bb4 4. Qc2 O-O 5. a3 Bxc3+ 6. Qxc3 b5 7. cxb5 c6 8. Bg5 cxb5 9. e3 Bb7 10. Nf3 a6 11. Bd3 h6 12. Bh4 d6 13. O-O Nbd7 14. a4 Rc8 15. Qa3 b4 16. Qxb4 Bxf3 17. Bxf6 Qxf6 18. gxf3 Rc6 19. f4 Rb8 20. Qd2 e5 21. Be4 Rcb6 22. dxe5 Qe7 23. a5 Rb4 24. Bc6 Nxe5 25. fxe5 Qxe5 26. Rad1 Rg4+ 27. Kh1 Rxb2 28. Qxd6 Qh5 29. Bf3 1-0

[Event "Ostlandsserien"]
[Site "NOR"]
[Date "1994.??.??"]
[Round "?"]
[White "Ostenstad, Berge"]
[Black "Tisdall, Jonathan D"]
[Result "0-1"]
[WhiteElo "2475"]
[BlackElo "2465"]
[PlyCount "56"]
[EventDate "1994.??.??"]
[Source "ChessBase"]
[SourceDate "1999.02.01"]

1. d4 Nf6 2. c4 e6 3. Nc3 Bb4 4. Qc2 O-O 5. a3 Bxc3+ 6. Qxc3 b5 7. cxb5 c6 8. e3 cxb5 9. Bxb5 Ne4 10. Qb3 Na6 11. Qa4 Nc7 12. Bd3 Bb7 13. Nf3 f5 14. O-O Rf6 15. Qa5 Nc5 16. dxc5 Bxf3 17. Re1 Rg6 18. g3 Qh4 19. Qb4 Qh5 20. e4 f4 21. Bxf4 Rf8 22. Qd2 e5 23. Be3 Rg4 24. Be2 Bxe4 25. Rad1 Bc6 26. Qd6 Qh3 27. f3 Rxf3 28. Bxf3 Bxf3 0-1

[Event "ch-ROU"]
[Site "Cluj ROU"]
[Date "2008.02.29"]
[Round "7"]
[White "Miron, L."]
[Black "Nanu, C."]
[Result "1-0"]
[WhiteElo "2408"]
[BlackElo "2527"]
[PlyCount "105"]
[EventDate "2008.02.25"]
[Source "www.chesslib.no"]
[SourceDate "2004.05.04"]

1. d4 Nf6 2. c4 e6 3. Nc3 Bb4 4. Qc2 O-O 5. a3 Bxc3+ 6. Qxc3 b5 7. cxb5 c6 8. Qd3 cxb5 9. e4 Nc6 10. Nf3 a5 11. Bg5 h6 12. Bh4 a4 13. Bxf6 Qxf6 14. e5 Qd8 15. Qe4 Qa5+ 16. Nd2 d5 17. exd6 Bd7 18. Bd3 f5 19. Qe3 Ra6 20. O-O Nd8 21. b4 Qb6 22. Rac1 Qxd6 23. Rc5 Rb6 24. Nf3 Nf7 25. Ne5 Rd8 26. Rd1 Be8 27. Nxf7 Kxf7 28. Bb1 Kf8 29. Ba2 Bf7 30. h3 Qd7 31. Qe5 Rd6 32. Rxb5 Rxd4 33. Qc5+ Kg8 34. Rxd4 Qxd4 35. Qxd4 Rxd4 36. Ra5 Rd1+ 37. Kh2 Ra1 38. Bc4 Rxa3 39. b5 Rc3 40. Rxa4 Rc2 41. Rb4 Rd2 42. b6 Rd8 43. b7 Rb8 44. f4 e5 45. Bxf7+ Kxf7 46. fxe5 Ke6 47. Rb5 f4 48. Kg1 g5 49. Kf2 Kf5 50. Kf3 h5 51. e6+ Kxe6 52. Ke4 Kf6 53. Rb6+ 1-0

[Event "Las Vegas USA"]
[Site "?"]
[Date "2006.06.11"]
[Round "3"]
[White "Golod Vitali"]
[Black "Rensch Daniel"]
[Result "1-0"]
[WhiteElo "2571"]
[BlackElo "2360"]
[PlyCount "81"]
[EventDate "2006.??.??"]
[Source "www.chesslib.no"]
[SourceDate "2004.05.04"]

1. d4 Nf6 2. c4 e6 3. Nc3 Bb4 4. Qc2 O-O 5. a3 Bxc3+ 6. Qxc3 b5 7. cxb5 c6 8. f3 Nd5 9. Qd3 cxb5 10. e4 Ne7 11. Ne2 Nbc6 12. Ng3 a5 13. Be3 Ba6 14. Be2 f5 15. Qd2 a4 16. Bg5 f4 17. Bxf4 Na5 18. Rd1 Nb3 19. Qe3 Qa5+ 20. Kf2 Rac8 21. Bd6 Rf7 22. d5 Ng6 23. h4 Re8 24. h5 Nf8 25. h6 g6 26. Bb4 Qc7 27. d6 Qb8 28. e5 Bb7 29. Ne4 Bxe4 30. Qxe4 Rc8 31. Bd3 Rf5 32. Qe3 Rc4 33. Bxc4 bxc4 34. g4 Rf7 35. Kg3 g5 36. Rh5 Ng6 37. Rxg5 Kh8 38. Bc3 Qf8 39. Rh1 Nc5 40. Rf5 exf5 41. e6+ 1-0